000 01023nam a2200337 a 4500
001 000008374
003 DO-SdBPM
005 20250624073956.0
007 ta
008 090916t2005 dr 000 j spa d
020 _a9993498491
040 _aDO-SdBPM
_bspa
_cBPMSU
_edr
_drda
082 4 _aRD863.44
_bV145c 2005
_222
100 1 _aValdez, Diógenes,
_eautor
_d1941-2014
245 1 0 _aCuentos escogidos /
_cDiógenes Valdez.
260 _c
264 _aSanto Domingo :
_bEditora Nacional,
_c2005
300 _a106 p. ;
_c23 cm.
336 _atexto
_btxt
_2rdacontent
337 _asin mediación
_bn
_2rdamedia
338 _avolumen
_bnc
_2rdacarrier
490 0 _aAntología
500 _aIncluye datos biográficos del autor en la solapa de la cubierta
590 _aInventariado, 2025 /VM
650 7 _aCuentos dominicanos
650 7 _aLiteratura dominicana.
650 z _aShort stories, Dominican
650 z _aDominican literature
910 _aVMateo V. Control de calidad BPMSU
942 _2ddc
_cBK
999 _c15201
_d15201